000 01205nam a22002777a 4500
999 _c65765
_d65765
005 20240530110842.0
008 200914s2020 ua ac g 000 0 ara d
017 _a2019/16386
_bمصر. دار الكتب
020 _a9789770532737
040 _aEG-CaGPL
_cEG-CaGPL
082 0 4 _221
_a155.232/
_bم م
245 0 2 _aالمرجع فى الاساليب والاختبارات الاسقاطية ودورها فى فهم ديناميات السلوك البشرى /
_cترجمة وتقديم محمد احمد محمود خطاب ؛ تحرير Harold Anderson , Gladys L.Anderson
250 _aط.1
260 _aالقاهرة :
_bمكتبة الانجلو المصرية ،
_c2020.
300 _a950 ص. :
_bايض. ؛
_c24 سم.
650 0 7 _2qrmak
_aالاختبارات الاسقاطية
650 0 7 _2qrmak
_aالتحليل النفسى
650 0 7 _2qrmak
_aالاختبارات النفسية
650 0 7 _2qrmak
_aعلم النفس
651 _2qrmak
700 0 _aمحمد احمد محمود خطاب
_eمترجم ومقدم
700 1 _aAnderson، Harold
_eمحرر
700 1 _aAnderson، Gladys L.
_eمحرر
942 _2ddc
_cBK